Cash flows ako predmet záujmu manažérov vo finančnom riadení podniku

Ekonomické ciele podniku. Zobrazenie peňažných tokov (cash flows) v účtovníctve podnikateľského subjektu. Význam a charakteristika prehľadu peňažných tokov. Obsah prehľadu peňažných tokov. Peňažné toky z prevádzkovej činnosti a z finančnej činnosti. Ukazovatele peňažných tokov a ich interpretácia.

Enregistré dans:
Détails bibliographiques
Auteur principal: Šlosárová, Anna
Autres auteurs: Šlosár, Rudolf
Format: Chapitre de livre
Langue:slovaque
Sujets:
Tags: Ajouter un tag
Pas de tags, Soyez le premier à ajouter un tag!

MARC

LEADER 00000naa$a2200000$$$4500
001 0004348
005 20231005082645.1
041 0 |a slo 
044 |a SK 
245 1 0 |a Cash flows ako predmet záujmu manažérov vo finančnom riadení podniku  |c aut. Anna Šlosárová, Rudolf Šlosár 
520 |a Ekonomické ciele podniku. Zobrazenie peňažných tokov (cash flows) v účtovníctve podnikateľského subjektu. Význam a charakteristika prehľadu peňažných tokov. Obsah prehľadu peňažných tokov. Peňažné toky z prevádzkovej činnosti a z finančnej činnosti. Ukazovatele peňažných tokov a ich interpretácia. 
610 2 0 |a cash flow 
610 2 0 |a riadenie podnikové 
610 2 0 |a financie 
610 2 0 |a účtovníctvo 
610 2 0 |a prostriedky peňažné 
610 2 0 |a manažment 
610 2 0 |a modely ekonomicko-matematické 
100 1 |a Šlosárová, Anna 
700 1 |a Šlosár, Rudolf